Normal view
MARC view
Entry Personal Name
001 - CONTROL NUMBER
- control field: 853303
003 - CONTROL NUMBER IDENTIFIER
- control field: OSt
005 - DATE AND TIME OF LATEST TRANSACTION
- control field: 20251127154801.0
008 - FIXED-LENGTH DATA ELEMENTS
- fixed length control field: 251127|| aca||aabn | a|a d
040 ## - CATALOGING SOURCE
- Original cataloging agency: OSt
- Transcribing agency: OSt
100 ## - HEADING--PERSONAL NAME
- Personal name: Ardkani, Mohammad Raza Shams
670 ## - SOURCE DATA FOUND
- Source citation: Work cat.: (OSt)1465625: Ardkani, Mohammad Raza Shams, Fehar satwarah Mashriq nuskha hai khati pazshaki-o-uloom-o-basta dar kitabkhana hai Iran, 2014
